[Event "Bohumin op-A 6th"]
[Site "Bohumin"]
[Date "2023.07.07"]
[Round "7"]
[White "Posluszny, Tomasz"]
[Black "Kubos, Rostislav"]
[Result "1/2-1/2"]
[WhiteElo "1975"]
[BlackElo "2187"]
[PlyCount "48"]
[EventDate "2023.07.01"]
[EventType "swiss"]
[EventRounds "9"]
[EventCountry "CZE"]
[SourceTitle "CBM 215 Extra"]
[Source "ChessBase"]
[SourceDate "2023.09.30"]
[SourceVersion "1"]
[SourceVersionDate "2023.09.30"]
[SourceQuality "1"]

1. d4 Nf6 2. c4 e6 3. Nc3 Bb4 4. e3 0-0 5. Nge2 d5 6. a3 Be7 7. cxd5 exd5 8. Nf4 c6 9. Be2 Re8 10. b4 a6 11. Nd3 Nbd7 12. Qc2 Nf8 13. Ne5 N6d7 14. Nxd7 Bxd7 15. 0-0 Bd6 16. f4 Qh4 17. g3 Qh3 18. e4 dxe4 19. Nxe4 Bf5 20. Bd3 Bxe4 21. Bxe4 Rad8 22. Bb2 Bb8 23. Rad1 Ba7 24. Bg2 Qh5 1/2-1/2

[Event "Bohumin op-A 6th"]
[Site "Bohumin"]
[Date "2023.07.03"]
[Round "3"]
[White "Kubos, Rostislav"]
[Black "Akash, G."]
[Result "0-1"]
[WhiteElo "2187"]
[BlackElo "2461"]
[PlyCount "166"]
[EventDate "2023.07.01"]
[EventType "swiss"]
[EventRounds "9"]
[EventCountry "CZE"]
[SourceTitle "CBM 215 Extra"]
[Source "ChessBase"]
[SourceDate "2023.09.30"]
[SourceVersion "1"]
[SourceVersionDate "2023.09.30"]
[SourceQuality "1"]

1. c4 g6 2. g3 Bg7 3. Bg2 e5 4. Nc3 Nc6 5. Rb1 d6 6. b4 Nh6 7. d3 0-0 8. b5 Ne7 9. Nd5 Nxd5 10. cxd5 a6 11. Qc2 axb5 12. Rxb5 b6 13. e3 Bd7 14. Rb4 f5 15. Ne2 Ra5 16. 0-0 Rc5 17. Qb1 Qa8 18. a3 Qa6 19. Bb2 Nf7 20. Nc1 Rb5 21. Qc2 Rc8 22. Re1 Bf6 23. Rc4 Rc5 24. Rxc5 dxc5 25. f4 Re8 26. Qc3 Bh8 27. Qd2 Qc8 28. Bc3 Re7 29. Qb2 Qe8 30. Kf2 Nd6 31. Qc2 Bc8 32. Bb2 Bb7 33. Re2 Qf7 34. Qb3 Bg7 35. a4 e4 36. Bxg7 Bxd5 37. Qc2 Qxg7 38. a5 c4 39. dxc4 Nxc4 40. axb6 cxb6 41. Qa4 h5 42. Rc2 Kh7 43. Bf1 b5 44. Qb4 Rc7 45. Bxc4 Bxc4 46. h4 Qe7 47. Qxe7+ Rxe7 48. Ne2 Ra7 49. Nd4 Kg7 50. Rb2 Kf6 51. Ke1 Ra6 52. Kd2 Ra3 53. Nc2 Rd3+ 54. Ke1 Ke7 55. Nd4 Rxe3+ 56. Kf2 Rd3 57. Nxb5 Kd7 58. Rb4 Rf3+ 59. Kg2 Bf1+ 60. Kh2 e3 61. Nd4 Rf2+ 62. Kg1 Bd3 63. Rb3 Rf1+ 64. Kg2 Rf2+ 65. Kg1 Rd2 66. Nf3 Rd1+ 67. Kg2 Kd6 68. Ne1 Rd2+ 69. Kf3 Bc4 70. Rc3 Kc5 71. Rc2 Kd4 72. Rxc4+ Kxc4 73. Kxe3 Ra2 74. Nf3 Kd5 75. Ne5 Ra3+ 76. Kf2 Ke4 77. Kg2 Ra6 78. Kh3 Ke3 79. Kg2 Ra2+ 80. Kh3 Kf2 81. Kh2 Kf1+ 82. Kh1 Rg2 83. Nf3 Rxg3 0-1

[Event "Bohumin op-A 6th"]
[Site "Bohumin"]
[Date "2023.07.01"]
[Round "1"]
[White "Kubos, Rostislav"]
[Black "Kolar, Stanislav"]
[Result "1/2-1/2"]
[WhiteElo "2187"]
[BlackElo "1942"]
[PlyCount "100"]
[EventDate "2023.07.01"]
[EventType "swiss"]
[EventRounds "9"]
[EventCountry "CZE"]
[SourceTitle "CBM 215 Extra"]
[Source "ChessBase"]
[SourceDate "2023.09.30"]
[SourceVersion "1"]
[SourceVersionDate "2023.09.30"]
[SourceQuality "1"]

1. c4 e5 2. Nf3 Nc6 3. d4 exd4 4. Nxd4 Bb4+ 5. Bd2 a5 6. Nxc6 Bxd2+ 7. Qxd2 bxc6 8. Nc3 Nf6 9. g3 d6 10. Bg2 Bd7 11. 0-0 0-0 12. b3 Re8 13. Rfe1 Qe7 14. Qf4 Ng4 15. h3 g5 16. Qd2 Ne5 17. Ne4 f6 18. Rad1 h6 19. f4 Ng6 20. fxg5 hxg5 21. Rf1 Rf8 22. Rf2 g4 23. hxg4 Bxg4 24. Qh6 Qg7 25. Qxg7+ Kxg7 26. Rdf1 Ne5 27. Nxf6 Bxe2 28. Rxe2 Rxf6 29. Rxf6 Kxf6 30. Be4 a4 31. Rf2+ Kg5 32. Kg2 axb3 33. axb3 Ra1 34. Rf5+ Kh6 35. c5 Rd1 36. cxd6 cxd6 37. Rf1 Rd4 38. Bc2 Ng4 39. Rh1+ Kg5 40. Rc1 Rd2+ 41. Kg1 c5 42. Be4 Nf6 43. Bg2 Rd3 44. Rb1 Rxg3 45. b4 cxb4 46. Rxb4 Rd3 47. Bb7 Rd2 48. Bf3 Kf5 49. Kf1 d5 50. Bxd5 Nxd5 1/2-1/2

[Event "CZE-chT2F 2223"]
[Site "Czech Republic"]
[Date "2023.02.19"]
[Round "9"]
[White "Pilch, Roman"]
[Black "Kubos, Rostislav"]
[Result "1/2-1/2"]
[WhiteElo "2178"]
[BlackElo "2188"]
[PlyCount "33"]
[EventDate "2022.10.16"]
[EventType "team-tourn"]
[EventRounds "11"]
[EventCountry "CZE"]
[SourceTitle "EXT 2024"]
[Source "ChessBase"]
[SourceDate "2023.10.10"]
[SourceVersion "1"]
[SourceVersionDate "2023.10.10"]
[SourceQuality "1"]
[WhiteTeam "Trinec II"]
[BlackTeam "Orlova Slavia II"]
[WhiteTeamCountry "CZE"]
[BlackTeamCountry "CZE"]

1. g3 g6 2. Bg2 Bg7 3. c4 Nf6 4. Nc3 d6 5. d3 0-0 6. e4 c5 7. Nge2 Nc6 8. 0-0 Ne8 9. a3 Bg4 10. f3 Bd7 11. Rb1 a5 12. Be3 Nd4 13. Bf2 Nxe2+ 14. Nxe2 a4 15. f4 Bg4 16. h3 Bd7 17. Qd2 1/2-1/2

[Event "Bohumin op 5th"]
[Site "Bohumin"]
[Date "2022.07.04"]
[Round "3"]
[White "Mroziak, Maciej"]
[Black "Kubos, Rostislav"]
[Result "1/2-1/2"]
[WhiteElo "2352"]
[BlackElo "2148"]
[PlyCount "84"]
[EventDate "2022.07.02"]
[EventType "swiss"]
[EventRounds "9"]
[EventCountry "CZE"]
[SourceTitle "CBM 209 Extra"]
[Source "ChessBase"]
[SourceDate "2022.09.30"]
[SourceVersion "1"]
[SourceVersionDate "2022.09.30"]
[SourceQuality "1"]

1. e4 e6 2. d3 d5 3. Nd2 c5 4. Ngf3 Nc6 5. g3 Nf6 6. Bg2 Be7 7. 0-0 0-0 8. e5 Nd7 9. Re1 Qc7 10. Qe2 b5 11. Nf1 Nd4 12. Nxd4 cxd4 13. Bf4 Bb7 14. h4 Rfc8 15. Rec1 a5 16. Nh2 Ra6 17. Nf3 Bc5 18. c3 dxc3 19. Rxc3 b4 20. Rcc1 Rc6 21. d4 Ba6 22. Qd1 Bb6 23. h5 Rxc1 24. Rxc1 Qb7 25. h6 g6 26. Bh3 Nf8 27. Bg5 Rxc1 28. Qxc1 Be2 29. Qe3 Bxf3 30. Qxf3 f5 31. Qd3 Qc7 32. Bf1 Kf7 33. Be3 Nd7 34. Be2 Nb8 35. g4 fxg4 36. Bxg4 Nc6 37. Qd1 Ne7 38. Qf3+ Nf5 39. Bxf5 gxf5 40. Qh5+ Kf8 41. b3 Qf7 42. Qh4 Qg6+ 1/2-1/2

[Event "CZE-chT1E 2122"]
[Site "Czech Republic"]
[Date "2022.02.20"]
[Round "9.7"]
[White "Kubos, Rostislav"]
[Black "Novotny, Radim"]
[Result "1-0"]
[WhiteElo "2138"]
[BlackElo "1999"]
[PlyCount "53"]
[EventDate "2021.10.09"]
[EventType "team-tourn"]
[EventRounds "11"]
[EventCountry "CZE"]
[SourceTitle "EXT 2023"]
[Source "ChessBase"]
[SourceDate "2022.10.05"]
[SourceVersion "1"]
[SourceVersionDate "2022.10.05"]
[SourceQuality "1"]
[WhiteTeam "Orlova Slavia"]
[BlackTeam "Cesky Tesin"]
[WhiteTeamCountry "CZE"]
[BlackTeamCountry "CZE"]

1. Nf3 Nf6 2. c4 c5 3. Nc3 Nc6 4. g3 e6 5. Bg2 d5 6. cxd5 Nxd5 7. 0-0 Be7 8. d4 Nxc3 9. bxc3 0-0 10. Rb1 Qc7 11. Bf4 Bd6 12. Bxd6 Qxd6 13. Qa4 e5 14. dxe5 Nxe5 15. Rfd1 Nxf3+ 16. Bxf3 Qe7 17. Qf4 h6 18. h4 a5 19. Rb6 Ra6 20. Rxa6 bxa6 21. Qd6 Qxd6 22. Rxd6 Be6 23. Rxa6 Rb8 24. Rxa5 Rb1+ 25. Kg2 c4 26. Ra8+ Kh7 27. Be4+ 1-0

[Event "CZE-chT2F 2122"]
[Site "Czech Republic"]
[Date "2021.12.19"]
[Round "5.1"]
[White "Langner, Ladislav"]
[Black "Kubos, Rostislav"]
[Result "1-0"]
[WhiteElo "2370"]
[BlackElo "2122"]
[PlyCount "101"]
[EventDate "2021.10.17"]
[EventType "team-tourn"]
[EventRounds "11"]
[EventCountry "CZE"]
[SourceTitle "EXT 2024"]
[Source "ChessBase"]
[SourceDate "2023.10.10"]
[SourceVersion "1"]
[SourceVersionDate "2023.10.10"]
[SourceQuality "1"]
[WhiteTeam "Trinec II"]
[BlackTeam "Orlova Slavia II"]
[WhiteTeamCountry "CZE"]
[BlackTeamCountry "CZE"]

1. e4 e6 2. d4 d5 3. e5 c5 4. c3 Nc6 5. Nf3 Bd7 6. a3 f6 7. Bd3 fxe5 8. Nxe5 Nxe5 9. dxe5 Ne7 10. c4 Qc7 11. 0-0 Qxe5 12. Re1 Qf6 13. cxd5 exd5 14. Qh5+ Qf7 15. Qe5 Qf6 16. Qxd5 0-0-0 17. Qxc5+ Nc6 18. Qc3 Bg4 19. Be4 Qxc3 20. Nxc3 Bc5 21. Be3 Bxe3 22. Rxe3 g6 23. f3 Bd7 24. Nb5 Kb8 25. Rc1 Be8 26. Rd3 Rxd3 27. Bxd3 Ne5 28. Bf1 Bc6 29. Re1 Re8 30. Nd4 Bd7 31. Re3 Nf7 32. Kf2 Nd6 33. Bd3 Kc8 34. h4 Kd8 35. Rxe8+ Kxe8 36. Ke3 Kf7 37. Kf4 Be8 38. Be4 h6 39. g4 Kf6 40. g5+ hxg5+ 41. hxg5+ Ke7 42. Bd5 Bf7 43. Ke5 Be8 44. f4 Bd7 45. b3 a5 46. f5 Bxf5 47. Nxf5+ Nxf5 48. Bxb7 Nd6 49. Be4 Nb5 50. Bxg6 Nxa3 51. Bd3 1-0

[Event "CZE-chT2F 2122"]
[Site "Czech Republic"]
[Date "2021.10.17"]
[Round "1.1"]
[White "Rakus, Pavel"]
[Black "Kubos, Rostislav"]
[Result "1/2-1/2"]
[WhiteElo "2150"]
[BlackElo "2122"]
[PlyCount "65"]
[EventDate "2021.10.17"]
[EventType "team-tourn"]
[EventRounds "11"]
[EventCountry "CZE"]
[SourceTitle "EXT 2024"]
[Source "ChessBase"]
[SourceDate "2023.10.10"]
[SourceVersion "1"]
[SourceVersionDate "2023.10.10"]
[SourceQuality "1"]
[WhiteTeam "Dolni Benesov"]
[BlackTeam "Orlova Slavia II"]
[WhiteTeamCountry "CZE"]
[BlackTeamCountry "CZE"]

1. Nf3 Nf6 2. c4 g6 3. g3 Bg7 4. Bg2 0-0 5. 0-0 d6 6. Nc3 Nc6 7. d3 e5 8. Rb1 h6 9. b4 Be6 10. e4 Ne8 11. b5 Ne7 12. Ne1 Qd7 13. Bd2 Bh3 14. f4 exf4 15. gxf4 Bxg2 16. Nxg2 f5 17. Qf3 c6 18. Kh1 Nf6 19. Nh4 fxe4 20. Nxe4 Nxe4 21. Qxe4 Nf5 22. bxc6 bxc6 23. Nxf5 gxf5 24. Qg2 Kh8 25. Rg1 Rab8 26. Qg6 Rxb1 27. Rxb1 d5 28. Rg1 c5 29. h3 Rf6 30. Qg2 d4 31. Kh2 Ra6 32. Bc1 Kh7 33. a3 1/2-1/2

[Event "CZE-chT2F 1920"]
[Site "Czech Republic"]
[Date "2020.02.23"]
[Round "9.8"]
[White "Kubos, Rostislav"]
[Black "Bares, Jachym"]
[Result "1/2-1/2"]
[WhiteElo "2114"]
[BlackElo "2098"]
[PlyCount "91"]
[EventDate "2019.10.13"]
[EventType "team-tourn"]
[EventRounds "11"]
[EventCountry "CZE"]
[SourceTitle "EXT 2024"]
[Source "ChessBase"]
[SourceDate "2023.10.10"]
[SourceVersion "1"]
[SourceVersionDate "2023.10.10"]
[SourceQuality "1"]
[WhiteTeam "Orlova Slavia II"]
[BlackTeam "Grygov Proclient"]
[WhiteTeamCountry "CZE"]
[BlackTeamCountry "CZE"]

1. Nf3 Nf6 2. c4 c5 3. Nc3 Nc6 4. g3 g6 5. Bg2 Bg7 6. 0-0 0-0 7. d4 cxd4 8. Nxd4 Qb6 9. Ndb5 d6 10. Be3 Qa5 11. Bd2 Qb6 12. Be3 Qa5 13. Bd2 Qd8 14. Rc1 Be6 15. Nd5 Rc8 16. Bc3 Ne8 17. Qd2 Bxc3 18. Rxc3 a6 19. Nd4 Bxd5 20. Bxd5 Nf6 21. Nxc6 bxc6 22. Bg2 Qa5 23. Qc2 Rc7 24. c5 d5 25. Ra3 Qb5 26. Rb3 Qa4 27. Qc3 Nd7 28. Ra3 Qb5 29. Ra5 Qb7 30. Rc1 Rb8 31. Rc2 Qb4 32. Qxb4 Rxb4 33. Rxa6 Rb5 34. Ra3 Rxc5 35. Rxc5 Nxc5 36. b4 Ne6 37. Rd3 Ra7 38. a3 Kg7 39. e4 dxe4 40. Bxe4 Ra6 41. h4 Kf6 42. Bf3 Nc7 43. Bd1 e6 44. Kg2 Nd5 45. Rb3 Ke5 46. Be2 1/2-1/2

[Event "Stare Mesto op"]
[Site "Stare Mesto"]
[Date "2019.08.24"]
[Round "8"]
[White "Mrazek, Lumir"]
[Black "Kubos, Rostislav"]
[Result "1/2-1/2"]
[WhiteElo "2328"]
[BlackElo "2144"]
[PlyCount "71"]
[EventDate "2019.08.17"]
[EventType "swiss"]
[EventRounds "9"]
[EventCountry "CZE"]
[SourceTitle "EXT 2020"]
[Source "ChessBase"]
[SourceDate "2019.10.17"]
[SourceVersion "1"]
[SourceVersionDate "2019.10.17"]
[SourceQuality "1"]

1. e4 e6 2. d4 d5 3. Nc3 Bb4 4. a3 Bxc3+ 5. bxc3 dxe4 6. Qg4 Nf6 7. Qxg7 Rg8 8. Qh6 c5 9. Bb2 Bd7 10. 0-0-0 Rg6 11. Qd2 Bc6 12. Nh3 Qc7 13. Bc4 Nbd7 14. Nf4 Rg4 15. Nxe6 fxe6 16. Bxe6 Rxg2 17. d5 Nxd5 18. Bxd5 Bxd5 19. Qxd5 Qf4+ 20. Kb1 0-0-0 21. Bc1 Qxf2 22. Qxe4 Rg6 23. Bf4 Qg2 24. Qe7 Qc6 25. c4 Qb6+ 26. Ka2 Qe6 27. Qxe6 Rxe6 28. Rd5 Rf8 29. Bd6 Rf7 30. Rg1 b6 31. Rg8+ Kb7 32. Bg3 Nf6 33. Rf5 Nxg8 34. Rxf7+ Re7 35. Rf8 Nh6 36. Rf4 1/2-1/2

[Event "Stare Mesto op"]
[Site "Stare Mesto"]
[Date "2019.08.21"]
[Round "5"]
[White "Kubos, Rostislav"]
[Black "Sramek, Vojtech"]
[Result "0-1"]
[WhiteElo "2144"]
[BlackElo "2228"]
[PlyCount "60"]
[EventDate "2019.08.17"]
[EventType "swiss"]
[EventRounds "9"]
[EventCountry "CZE"]
[SourceTitle "EXT 2020"]
[Source "ChessBase"]
[SourceDate "2019.10.17"]
[SourceVersion "1"]
[SourceVersionDate "2019.10.17"]
[SourceQuality "1"]

1. Nf3 c5 2. c4 Nc6 3. Nc3 g6 4. g3 Bg7 5. Bg2 d6 6. 0-0 Qd7 7. d3 b6 8. a3 Bb7 9. Rb1 Nh6 10. e4 Ng4 11. Ne1 Nd4 12. Ne2 Nxe2+ 13. Qxe2 Ne5 14. Nc2 Nc6 15. Be3 0-0 16. b4 f5 17. f4 Rae8 18. bxc5 dxc5 19. e5 Rd8 20. Rfd1 Qc7 21. Qf2 Rd7 22. d4 Nxd4 23. Bxb7 Qxb7 24. Nxd4 Rfd8 25. Rd2 cxd4 26. Bxd4 Qc6 27. Rc1 e6 28. Be3 Bf8 29. Rxd7 Rxd7 30. Qb2 Rd3 0-1

[Event "Stare Mesto op"]
[Site "Stare Mesto"]
[Date "2019.08.18"]
[Round "2"]
[White "Knotek, Josef"]
[Black "Kubos, Rostislav"]
[Result "1/2-1/2"]
[WhiteElo "1928"]
[BlackElo "2144"]
[PlyCount "21"]
[EventDate "2019.08.17"]
[EventType "swiss"]
[EventRounds "9"]
[EventCountry "CZE"]
[SourceTitle "EXT 2020"]
[Source "ChessBase"]
[SourceDate "2019.10.17"]
[SourceVersion "1"]
[SourceVersionDate "2019.10.17"]
[SourceQuality "1"]

1. d4 e6 2. e4 d5 3. exd5 exd5 4. Bd3 c5 5. Qe2+ Qe7 6. Qxe7+ Bxe7 7. dxc5 Bxc5 8. Nf3 Nf6 9. Bf4 0-0 10. 0-0 Nc6 11. c3 1/2-1/2

[Event "Bohumin op 2nd"]
[Site "Bohumin"]
[Date "2019.06.24"]
[Round "3"]
[White "Kubos, Rostislav"]
[Black "Slabek, Grzegorz"]
[Result "1/2-1/2"]
[WhiteElo "2157"]
[BlackElo "1953"]
[PlyCount "43"]
[EventDate "2019.06.22"]
[EventType "swiss"]
[EventRounds "9"]
[EventCountry "CZE"]
[SourceTitle "CBM 191 Extra"]
[Source "ChessBase"]
[SourceDate "2019.09.30"]
[SourceVersion "1"]
[SourceVersionDate "2019.09.30"]
[SourceQuality "1"]

1. c4 c6 2. e4 g6 3. Nc3 Bg7 4. d4 d6 5. Be3 Nf6 6. h3 0-0 7. Bd3 a6 8. Nf3 b5 9. 0-0 bxc4 10. Bxc4 d5 11. exd5 cxd5 12. Bb3 Nc6 13. Ne5 Na5 14. Rc1 Rb8 15. Bf4 Be6 16. Na4 Ne4 17. Nc6 Nxc6 18. Rxc6 Rb4 19. Be3 Qa8 20. Rc7 Rc8 21. Rxc8+ Qxc8 22. Nc3 1/2-1/2